[Event "Wch U12"]
[Site "Batumi"]
[Date "2016.10.30"]
[Round "11"]
[White "Biletskiy, Danylo"]
[Black "Yerkin, Assylkhan"]
[Result "1-0"]
[WhiteElo "1922"]
[BlackElo "1521"]
[PlyCount "65"]
[EventDate "2016.10.19"]
[EventType "swiss"]
[EventRounds "11"]
[EventCountry "GEO"]
[SourceTitle "EXT 2018"]
[Source "ChessBase"]
[SourceDate "2017.10.13"]
[SourceVersion "1"]
[SourceVersionDate "2017.10.13"]
[SourceQuality "1"]

1. Nf3 Nf6 2. c4 c5 3. g3 b6 4. Bg2 Bb7 5. 0-0 e6 6. Nc3 Be7 7. Re1 d6 8. e4 Nbd7 9. d4 cxd4 10. Nxd4 a6 11. Be3 0-0 12. Rc1 Rc8 13. Qe2 Re8 14. f4 Qc7 15. b3 Bf8 16. g4 Nc5 17. Bf2 Red8 18. g5 Ne8 19. f5 Qe7 20. h4 Nc7 21. Rcd1 Re8 22. Qg4 Kh8 23. h5 Nd7 24. Bh4 Ne5 25. Qh3 Qd7 26. f6 gxf6 27. gxf6 Bh6 28. Bg3 Bf8 29. Bxe5 dxe5 30. Nf3 Qc6 31. Ng5 h6 32. Nxf7+ Kg8 33. Qg3+ 1-0

[Event "Wch U12"]
[Site "Batumi"]
[Date "2016.10.29"]
[Round "10"]
[White "Yerkin, Assylkhan"]
[Black "Mitev, Valentin"]
[Result "1-0"]
[WhiteElo "1521"]
[BlackElo "1992"]
[PlyCount "67"]
[EventDate "2016.10.19"]
[EventType "swiss"]
[EventRounds "11"]
[EventCountry "GEO"]
[SourceTitle "EXT 2018"]
[Source "ChessBase"]
[SourceDate "2017.10.13"]
[SourceVersion "1"]
[SourceVersionDate "2017.10.13"]
[SourceQuality "1"]

1. d4 Nf6 2. c4 Nc6 3. Nc3 e5 4. d5 Ne7 5. e4 Ng6 6. g3 Bb4 7. Bg2 Bxc3+ 8. bxc3 d6 9. h3 0-0 10. Be3 c6 11. Qc2 cxd5 12. cxd5 Qc7 13. Nf3 Nd7 14. Nd2 Nc5 15. c4 b6 16. 0-0 Bd7 17. Bxc5 Qxc5 18. Nb3 Qc7 19. Qd3 Rac8 20. Rac1 Qb7 21. Rc3 Rc7 22. h4 f5 23. h5 Ne7 24. f4 exf4 25. e5 Nc8 26. e6 Be8 27. Rxf4 g6 28. Qf1 Rg7 29. h6 Rc7 30. g4 Ne7 31. Rg3 b5 32. gxf5 Qb6+ 33. Kh2 Rxc4 34. Qa1 1-0

[Event "Wch U12"]
[Site "Batumi"]
[Date "2016.10.23"]
[Round "5"]
[White "Yerkin, Assylkhan"]
[Black "Jaakkola, Konsta"]
[Result "1-0"]
[WhiteElo "1521"]
[BlackElo "1536"]
[PlyCount "58"]
[EventDate "2016.10.19"]
[EventType "swiss"]
[EventRounds "11"]
[EventCountry "GEO"]
[SourceTitle "EXT 2018"]
[Source "ChessBase"]
[SourceDate "2017.10.13"]
[SourceVersion "1"]
[SourceVersionDate "2017.10.13"]
[SourceQuality "1"]

1. d4 Nf6 2. c4 e6 3. Nc3 Bb4 4. e3 0-0 5. Nge2 d5 6. a3 Be7 7. Nf4 dxc4 8. Bxc4 a6 9. b4 b5 10. Bb3 Bb7 11. 0-0 Nbd7 12. Bb2 Re8 13. Qd3 g5 14. Nh3 h6 15. Rad1 Nf8 16. f4 g4 17. Nf2 Ng6 18. Nce4 Nd5 19. Nxg4 f5 20. Nc5 Bxc5 21. dxc5 Nh4 22. Bxd5 Bxd5 23. Nf6+ Kf7 24. Nxd5 exd5 25. Qxd5+ Re6 26. Qxd8 Rxd8 27. Rxd8 Rxe3 28. Rd7+ Re7 29. Rxe7+ Kxe7 1-0

[Event "Wch U12"]
[Site "Batumi"]
[Date "2016.10.22"]
[Round "4"]
[White "Amanzhol, Sultan"]
[Black "Yerkin, Assylkhan"]
[Result "1/2-1/2"]
[WhiteElo "1770"]
[BlackElo "1521"]
[PlyCount "52"]
[EventDate "2016.10.19"]
[EventType "swiss"]
[EventRounds "11"]
[EventCountry "GEO"]
[SourceTitle "EXT 2018"]
[Source "ChessBase"]
[SourceDate "2017.10.13"]
[SourceVersion "1"]
[SourceVersionDate "2017.10.13"]
[SourceQuality "1"]

1. d4 Nf6 2. c4 c5 3. d5 b5 4. cxb5 a6 5. bxa6 Bxa6 6. Nc3 d6 7. e4 Bxf1 8. Kxf1 g6 9. g3 Bg7 10. Kg2 0-0 11. Nf3 Nbd7 12. a4 Qb6 13. Qe2 Rfb8 14. Bd2 h6 15. Nb5 Ne8 16. Bc3 Ndf6 17. Nd2 Nc7 18. Nc4 Qb7 19. Na5 Qb6 20. Nxc7 Qxc7 21. Nc6 Re8 22. Qf3 Nd7 23. Bxg7 Kxg7 24. Qc3+ Kh7 25. a5 Nb8 26. Nxb8 Rexb8 1/2-1/2

[Event "Wch U12"]
[Site "Batumi"]
[Date "2016.10.20"]
[Round "2"]
[White "Vantuch, Lucian"]
[Black "Yerkin, Assylkhan"]
[Result "0-1"]
[WhiteElo "1810"]
[BlackElo "1521"]
[PlyCount "48"]
[EventDate "2016.10.19"]
[EventType "swiss"]
[EventRounds "11"]
[EventCountry "GEO"]
[SourceTitle "EXT 2018"]
[Source "ChessBase"]
[SourceDate "2017.10.13"]
[SourceVersion "1"]
[SourceVersionDate "2017.10.13"]
[SourceQuality "1"]

1. e4 e5 2. Nf3 Nc6 3. d4 exd4 4. Bc4 Nf6 5. 0-0 Nxe4 6. Re1 d5 7. Bxd5 Qxd5 8. Nc3 Qh5 9. Nxe4 Be6 10. Bg5 Bd6 11. Bf6 Bxh2+ 12. Nxh2 Qxd1 13. Raxd1 gxf6 14. Nxf6+ Ke7 15. Nd5+ Kd7 16. Nf4 Rad8 17. Nxe6 fxe6 18. Nf3 Ke7 19. Re4 Nb4 20. Nxd4 Nxc2 21. Rxe6+ Kf7 22. Re5 c5 23. Rf5+ Kg6 24. Rd3 Rxd4 0-1

[Event "Wch U12"]
[Site "Batumi"]
[Date "2016.10.19"]
[Round "1"]
[White "Yerkin, Assylkhan"]
[Black "Jahedi, Mani"]
[Result "0-1"]
[WhiteElo "1521"]
[BlackElo "2004"]
[PlyCount "30"]
[EventDate "2016.10.19"]
[EventType "swiss"]
[EventRounds "11"]
[EventCountry "GEO"]
[SourceTitle "EXT 2018"]
[Source "ChessBase"]
[SourceDate "2017.10.13"]
[SourceVersion "1"]
[SourceVersionDate "2017.10.13"]
[SourceQuality "1"]

1. d4 d5 2. c4 e6 3. Nc3 c5 4. cxd5 cxd4 5. Qxd4 Nc6 6. Qa4 exd5 7. Nf3 Nf6 8. Bf4 Be6 9. Nd4 Qb6 10. Ndb5 Rc8 11. Be3 d4 12. Bxd4 Nxd4 13. Qxd4 Bc5 14. Qf4 a6 15. Na3 Qxb2 0-1